বিশ্বনবীর বৈশিষ্ট্য / (Record no. 102749)
[ view plain ]
| 000 -LEADER | |
|---|---|
| fixed length control field | 00672nam a22001937a 4500 |
| 003 - CONTROL NUMBER IDENTIFIER | |
| control field | BD-DhUL |
| 005 - DATE AND TIME OF LATEST TRANSACTION | |
| control field | 20160830105011.0 |
| 008 - FIXED-LENGTH DATA ELEMENTS--GENERAL INFORMATION | |
| fixed length control field | 160830s2000 bg |||| |||| 00| 0 ben |
| 020 ## - INTERNATIONAL STANDARD BOOK NUMBER | |
| International Standard Book Number | 9841103222 |
| 040 ## - CATALOGING SOURCE | |
| Original cataloging agency | BD-DhUL |
| Transcribing agency | BD-DhUL |
| 082 ## - DEWEY DECIMAL CLASSIFICATION NUMBER | |
| Classification number | 922.97 |
| Item number | GOB |
| 100 1# - MAIN ENTRY--PERSONAL NAME | |
| Personal name | মোস্তফা, গোলাম। |
| 245 1# - TITLE STATEMENT | |
| Title | বিশ্বনবীর বৈশিষ্ট্য / |
| Statement of responsibility, etc. | গোলাম মোস্তফা |
| 260 ## - PUBLICATION, DISTRIBUTION, ETC. (IMPRINT) | |
| Place of publication, distribution, etc. | ঢাকা : |
| Name of publisher, distributor, etc. | আহমদ, |
| Date of publication, distribution, etc. | ২০০০। |
| 300 ## - PHYSICAL DESCRIPTION | |
| Extent | ৫৮ পৃ. ; |
| Dimensions | ২০ সেমি। |
| 365 ## - TRADE PRICE | |
| Price type code | BDT |
| Price amount | 35.00 |
| 600 0# - SUBJECT ADDED ENTRY--PERSONAL NAME | |
| Personal name | হযরত মুহাম্মদ ( স:) |
| General subdivision | জীবনী |
| 942 ## - ADDED ENTRY ELEMENTS (KOHA) | |
| Source of classification or shelving scheme | |
| Koha item type | Books |
| Price effective from | Date last seen | Permanent Location | Not for loan | Date acquired | Source of classification or shelving scheme | Koha item type | Lost status | Withdrawn status | Copy number | Source of acquisition | Collection code | Damaged status | Shelving location | Barcode | Current Location | Full call number |
|---|---|---|---|---|---|---|---|---|---|---|---|---|---|---|---|---|
| 2016-08-30 | 2016-08-30 | Dhaka University Library | 2011-04-03 | Books | 8 | Purchased | Non Fiction | General Stacks | 458470 | Dhaka University Library | 922.97 GOB | |||||
| 2016-08-30 | 2016-08-30 | Dhaka University Library | 2011-04-03 | Books | 5 | Purchased | Non Fiction | General Stacks | 458467 | Dhaka University Library | 922.97 GOB | |||||
| 2016-08-30 | 2016-08-30 | Dhaka University Library | 2011-04-03 | Books | 4 | Purchased | Non Fiction | General Stacks | 458466 | Dhaka University Library | 922.97 GOB | |||||
| 2016-08-30 | 2016-08-30 | Dhaka University Library | 2011-04-03 | Books | 6 | Purchased | Non Fiction | General Stacks | 458468 | Dhaka University Library | 922.97 GOB | |||||
| 2016-08-30 | 2016-08-30 | Dhaka University Library | 2011-04-03 | Books | 7 | Purchased | Non Fiction | General Stacks | 458469 | Dhaka University Library | 922.97 GOB |
